|
|
|
|
| LEADER |
00000nam0a2200000 4500 |
| 001 |
108045 |
| 005 |
20231101214756.0 |
| 010 |
|
|
|a 5900359107
|
| 035 |
|
|
|a (RuTPU)RU\TPU\book\116638
|
| 090 |
|
|
|a 108045
|
| 100 |
|
|
|a 20070111d1995 m y0rusy50 ca
|
| 101 |
0 |
|
|a rus
|
| 102 |
|
|
|a RU
|
| 105 |
|
|
|a a j 001zy
|
| 200 |
1 |
|
|a Основы трибологии (трение, износ, смазка)
|e учебник для вузов
|f под ред. А. В. Чичинадзе
|
| 210 |
|
|
|a Москва
|c Наука и техника
|d 1995
|
| 215 |
|
|
|a 778 с.
|c ил.
|
| 320 |
|
|
|a Библиография в конце глав.
|
| 330 |
|
|
|a Изложены современные научные положения в области трибологии (трения, износа и смазки) и их рациональное использование в триботехнике и инженерной практике. Для студентов специальности 071200 «Инженер-триботехник». Может быть полезен студентам всех машиностроительных специальностей при изучении новых курсов «трибологии» и «триботехники», научно-техническим работникам, связанным с расчетом, конструированием, испытаниями и эксплуатацией различных машин, приборов и технологического оборудования.
|
| 606 |
1 |
|
|a Трибология
|2 stltpush
|3 (RuTPU)RU\TPU\subj\61591
|9 78776
|
| 610 |
1 |
|
|a трение
|
| 610 |
1 |
|
|a износ
|
| 610 |
1 |
|
|a поверхности
|
| 610 |
1 |
|
|a строение
|
| 610 |
1 |
|
|a тела
|
| 610 |
1 |
|
|a свойства
|
| 610 |
1 |
|
|a твердые тела
|
| 610 |
1 |
|
|a контактное взаимодействие
|
| 610 |
1 |
|
|a избирательный перенос
|
| 610 |
1 |
|
|a эффект безызносности
|
| 610 |
1 |
|
|a смазки
|
| 610 |
1 |
|
|a классификация
|
| 610 |
1 |
|
|a жидкостная смазка
|
| 610 |
1 |
|
|a граничная смазка
|
| 610 |
1 |
|
|a газовая смазка
|
| 610 |
1 |
|
|a смазочные материалы
|
| 610 |
1 |
|
|a тепловые процессы
|
| 610 |
1 |
|
|a триботехнические процессы
|
| 610 |
1 |
|
|a моделирование
|
| 610 |
1 |
|
|a узлы
|
| 610 |
1 |
|
|a детали машин
|
| 610 |
1 |
|
|a машины
|
| 610 |
1 |
|
|a конструкционные материалы
|
| 610 |
1 |
|
|a триботехнология
|
| 610 |
1 |
|
|a антифрикционные узлы
|
| 610 |
1 |
|
|a фрикционные узлы
|
| 610 |
1 |
|
|a расчет
|
| 610 |
1 |
|
|a конструирование
|
| 610 |
1 |
|
|a изготовление
|
| 610 |
1 |
|
|a машины
|
| 610 |
1 |
|
|a оборудование
|
| 610 |
1 |
|
|a экономика
|
| 610 |
1 |
|
|a экология
|
| 610 |
1 |
|
|a учебники
|
| 675 |
|
|
|a 621.891(075.8)
|v 3
|
| 702 |
|
1 |
|a Чичинадзе
|b А. В.
|g Автандил Виссарионович
|4 340
|
| 801 |
|
1 |
|a RU
|b 63413507
|c 20070111
|g PSBO
|
| 801 |
|
2 |
|a RU
|b 63413507
|c 20140123
|g PSBO
|
| 900 |
|
|
|a Основы трибологии
|
| 900 |
|
|
|a Физические основы трибологии
|
| 942 |
|
|
|c BK
|
| 959 |
|
|
|a 116/20061226
|d 1
|e 300,00
|f НФ:1
|